000 00279nam a22001097a 4500
008 240529b |||||||| |||| 00| 0 eng d
100 _aMatiyani, Shailesh
_914745
245 _aDo Dukho Ka Ek Sukh
260 _aAIlahabad:
_bKitab Mahal Pub;
_c1966.
300 _a254p.
942 _cBK
999 _c38242
_d38242